| 000 | 01405cam a2200361 a 4500 | ||
|---|---|---|---|
| 001 | 15876999 | ||
| 003 | OSt | ||
| 005 | 20170105102908.0 | ||
| 008 | 090821s2009 nyu b 001 0 eng | ||
| 010 | _a 2009034706 | ||
| 020 | _a9780195380880 (alk. paper) | ||
| 020 | _a0195380886 (alk. paper) | ||
| 020 | _a9780195380897 (pbk. : alk. paper) | ||
| 020 | _a0195380894 (pbk. : alk. paper) | ||
| 035 | _a(OCoLC)ocn432988402 | ||
| 040 |
_aDLC _cDLC _dYDX _dYDXCP _dCDX _dDLC |
||
| 050 | 0 | 0 |
_aJC73 _b.V53 2009 |
| 082 | 0 | 0 |
_a320.938 _222 _bVIA 2009 |
| 100 | 1 |
_aVlassopoulos, Kostas, _d1977- |
|
| 245 | 1 | 0 |
_aPolitics : _bantiquity and its legacy / _cKostas Vlassopoulos. |
| 260 |
_aNew York : _bOxford University Press, _cc2009. |
||
| 300 |
_axxii, 168 p. ; _c23 cm. |
||
| 490 | 1 | _aAncients and moderns series | |
| 504 | _aIncludes bibliographical references and index. | ||
| 505 | 0 | _aWho should rule? -- The exercise of power : liberty -- Politics as activity : participation, deliberation, conflict -- The ends of politics : the good life, a better world. | |
| 650 | 0 |
_aCity-states _zGreece _xHistory _yTo 1500. |
|
| 650 | 0 |
_aDemocracy _zGreece _xHistory _yTo 1500. |
|
| 651 | 0 |
_aGreece _xPolitics and government _yTo 146 B.C. |
|
| 830 | 0 | _aAncients and moderns series. | |
| 906 |
_a7 _bcbc _corignew _d1 _eecip _f20 _gy-gencatlg |
||
| 942 |
_2ddc _cBK |
||
| 999 |
_c14961 _d14961 |
||